01875nam a2200169 4500008001300000082001900013100003300032110001900065245005300084260003300137300003900170505125500209650008501464700002601549999001501575952011501590700.92 OL45m a700.92 bOL45m aRamírez, Mari Carmen91764 aMONDONGO97223 aMONDONGO está en el detalle...c26,6 x 29,5 cm aBuenos AiresbMONDONGOc2017 a196 p. bil. (col)c26,6 x 29,5 cm tIndicetPresentación tEntrando en detalle: el arte y artistas de otra índole tIntroduccióntMONDONGO está en el detalle: diálogo con Theodor Adorno y los artistastLa intensidad de las tensionestEl encantamiento desencantadotLa desartistizacióntLa microestética del detalle tLa mente fragmentaria tEsencia colectiva y posibilidad tRestos objetuales tTécnica como toma de posicióntHistoria constitutiva del material tAutenticidad y desalienación tParodia negativa recontrabarroca tLa constelación del payaso y el mono tLa intrahistoria del detalle: el efecto archimboldo tLa interioridad exteriorizada tRuptura de la unidad: el reti-made tEl recontrapoder del fragmento tLa vitalidad de la muerte t¿Querer utopia hoy...?tColofón tPara más detalles: diálogo con Jacques Rancière y los artistas tEl animal apolíticotRégimen estético tEl poderoso átomo tLa vida rotativa tLa tesis del paréntesis tLa ruinas circulares tCoda t(Ultimando detalles): los autores y las obras mencionadas tSobre el autor tSobre los artistas tObras referidas (series)tCalaveras tRetratos tRetablos tRomeo y Julieta tRío de la Plata tNegra tMerca tRoja tTener un mundo tArgentina tDiálogos  xarte contemporáneo xarte - colectivos xArgentina xarte - biografía 97224 aOlea, Héctor 97225 c1866d1866 00102ddc4070aLVbLVcColectivasd2019-10-31l0o700.92 OL45mp002176r2019-10-31 00:00:00w2019-10-31y01